Los pintores y el ambiente artístico de París desde 1910 / (Record no. 110913)

MARC details
000 -LEADER
campo de control de longitud fija 00669nam a2200193 4500
001 - NÚMERO DE CONTROL
campo de control 110913
003 - IDENTIFICADOR DE NÚMERO DE CONTROL
campo de control ES-MaACL
005 - FECHA Y HORA DE LA ÚLTIMA TRANSACCIÓN
campo de control 20250712031720.0
007 - CAMPO FIJO DE DESCRIPCIÓN FÍSICA--INFORMACIÓN GENERAL
campo de control de longitud fija t|
008 - DATOS DE LONGITUD FIJA--INFORMACIÓN GENERAL
campo de control de longitud fija 061121s1960 sp r ||||1| spa d
100 1# - ENTRADA PRINCIPAL--NOMBRE DE PERSONA
Nombre de persona Nacenta, Raymond.
9 (RLIN) 84778
245 14 - MENCIÓN DEL TÍTULO
Título Los pintores y el ambiente artístico de París desde 1910 /
Mención de responsabilidad, etc. por Raymond Nacenta ; traducción José Selva , revisión Fernando Gutiérrez.
260 ## - PUBLICACIÓN, DISTRIBUCIÓN, ETC.
Lugar de publicación, distribución, etc. Barcelona :
Nombre del editor, distribuidor, etc. Rauter,
Fecha de publicación, distribución, etc. 1960.
300 ## - DESCRIPCIÓN FÍSICA
Extensión 366 p. con 103 lám. col. :
Otras características físicas il ;
Dimensiones 31 cm.
700 1# - ENTRADA AGREGADA--NOMBRE PERSONAL
Nombre de persona Selva, José.
9 (RLIN) 105349
700 1# - ENTRADA AGREGADA--NOMBRE PERSONAL
Nombre de persona Gutiérrez, Fernando,
Fechas asociadas al nombre 1911-1984
9 (RLIN) 156260
852 ## - LOCALIZACIÓN
Ubicación ES-MaACL
Número de control de estantería C-19458
Sublocalización o colección R.47906
Holdings
Estatus retirado Estado de pérdida Estado de daño No para préstamo Biblioteca de origen Biblioteca actual Ubicación en estantería Fecha de adquisición Fuente de adquisición Total de préstamos Signatura topográfica completa Código de barras Visto por última vez Precio de reemplazo Tipo de ítem Koha
        Biblioteca del Ateneo de Madrid Biblioteca del Ateneo de Madrid Galería 17/01/2008     C-19458 1115724 23/02/2023 23/02/2023 Libro impreso